Anatomy, Physiology & Biochemistry (Record no. 72)

MARC details
000 -LEADER
Fixed length control field 00538nam a2200205Ia 4500
003 - CONTROL NUMBER IDENTIFIER
Control field IIN
005 - DATE AND TIME OF LATEST TRANSACTION
Control field 20231219153319.0
008 - FIXED-LENGTH DATA ELEMENTS--GENERAL INFORMATION
Fixed length control field 231217s9999 xx 000 0 und d
020 ## - INTERNATIONAL STANDARD BOOK NUMBER / ISBN
Price Rs. 595.00
International Standard Book Number 978-93-5152-622-3
040 ## - CATALOGING SOURCE
Original cataloging agency IIN
Language of cataloging English
082 ## - DEWEY DECIMAL CLASSIFICATION NUMBER
Classification number 612
Book Number VIJ
100 1# - MAIN ENTRY--PERSONAL NAME
Personal name Vij, Anjula
245 1# - TITLE STATEMENT
Title Anatomy, Physiology & Biochemistry
Sub title Made Easy for Nurses
Statement of responsibility Anjula Vij
260 ## - IMPRINT
Name of publisher Jaypee
Place of publication New Delhi
Date of publication 2015
300 ## - PHYSICAL DESCRIPTION
Page / Vol. No viii, [3] 4-819 p.
650 ## - SUBJECT ADDED ENTRY--TOPICAL TERM
Topical term Anatomy
650 ## - SUBJECT ADDED ENTRY--TOPICAL TERM
Topical term Physiology
650 ## - SUBJECT ADDED ENTRY--TOPICAL TERM
Topical term Biochemistry
942 ## - ADDED ENTRY ELEMENTS (KOHA)
Koha item type Books
Holdings
Withdrawn status Lost status Source of classification Damaged status Not for loan Collection code Home library Current library Date acquired Price Total Checkouts Call number Accession number Date last seen Price effective from Koha item type Shelving location
    Dewey Decimal Classification       IDEAL INSTITUTE OF NURSING IDEAL INSTITUTE OF NURSING 17/12/2023 595.00   612 VIJ 67 17/12/2023 17/12/2023 Books  
    Dewey Decimal Classification       IDEAL INSTITUTE OF NURSING IDEAL INSTITUTE OF NURSING 17/12/2023 595.00   612 VIJ 68 17/12/2023 17/12/2023 Books  
    Dewey Decimal Classification       IDEAL INSTITUTE OF NURSING IDEAL INSTITUTE OF NURSING 17/12/2023 595.00   612 VIJ 69 17/12/2023 17/12/2023 Books  
    Dewey Decimal Classification       IDEAL INSTITUTE OF NURSING IDEAL INSTITUTE OF NURSING 17/12/2023 595.00   612 VIJ 70 17/12/2023 17/12/2023 Books  
    Dewey Decimal Classification       IDEAL INSTITUTE OF NURSING IDEAL INSTITUTE OF NURSING 17/12/2023 595.00   612 VIJ 71 17/12/2023 17/12/2023 Books  
    Dewey Decimal Classification     Purches Book IDEAL INSTITUTE OF NURSING IDEAL INSTITUTE OF NURSING 11/03/2025 675.00   612 VIJ 1801 24/03/2025 24/03/2025 Books General Stacks
© Ideal Institute Of Nursing, All rights reserved.         Powered by Koha